00493nam a2200193 a 4500001001300000003000900013005001700022008004100039020001000080082001600090100001700106245001900123260005400142300000900196500003500205505002400240650001800264700001700282nice12345678IN_TiNIC20260116011739.0050524s1957 hyda grp 000 0 urd  ac10000a297.52bHAS aHasan, Wafai aRahatul Arwaah aHyderabad bMarkazi Anjuman Taleemus Salat c1957 a128p aincludes index and biblioraphy2 aBibliography, Notes aIslam-Prayers1 aHasan, Wafai